It looks like you're offline.
Open Library logo
additional options menu

MARC Record from Scriblio

Record ID marc_records_scriblio_net/part23.dat:103645022:724
Source Scriblio
Download Link /show-records/marc_records_scriblio_net/part23.dat:103645022:724?format=raw

LEADER: 00724cam 2200253 a 4500
001 93011797
003 DLC
005 20000413121105.0
008 930714s1993 vtu 000 1 eng
010 $a 93011797
020 $a0934678499 :$c$9.95
040 $aDLC$cDLC$dDLC
043 $an-us---
050 00 $aPS3557.A7232$bL3 1993
082 00 $a813/.54$220
100 1 $aGarrett, Kristen,$d1955-
245 10 $aLady Lobo /$cby Kristen Garrett.
260 $aNorwich, Vt. :$bNew Victoria Publishers,$cc1993.
300 $a202 p. ;$c22 cm.
650 0 $aWomen basketball players$xFiction.
650 0 $aYoung women$xFiction.
650 0 $aLesbians$xFiction.
655 7 $aSports stories.$2gsafd
655 7 $aBildungsromane.$2gsafd